Central Library OPAC University of Rajshahi

عہد عثمانى میں اردو خدمات ;; ʻAhd-i ʻUsmānī men̲ Urdū k̲h̲idmāt / (Record no. 84922)

MARC details
000 -LEADER
fixed length control field 00936nam a2200241 a 4500
001 - CONTROL NUMBER
control field 84922
003 - CONTROL NUMBER IDENTIFIER
rucl marc code BD-RjUL
005 - DATE AND TIME OF LATEST TRANSACTION
control field 20250513141854.0
008 - FIXED-LENGTH DATA ELEMENTS--GENERAL INFORMATION
fixed length control field 250513s1979 ii cf b 000 0 urdo
020 ## - INTERNATIONAL STANDARD BOOK NUMBER
Terms of availability Rs15.00
035 ## - SYSTEM CONTROL NUMBER
System control number (BD-RjUL)84922
040 ## - CATALOGING SOURCE
Original cataloging agency DLC
Transcribing agency DLC
Modifying agency DLC
Language of cataloging eng
041 ## - LANGUAGE CODE
Language code of text/sound track or separate title eng
082 ## - DEWEY DECIMAL CLASSIFICATION NUMBER
Edition number 23
Classification number 891.439054
Author mark and year KHA 1979
100 1# - MAIN ENTRY--PERSONAL NAME
Personal name K̲h̲ān̲, Mīr Aḥmaduddīn ʻAlī,
Dates associated with a name 1938-
9 (RLIN) 15455
245 10 - TITLE STATEMENT
Title عہد عثمانى میں اردو خدمات ;; ʻAhd-i ʻUsmānī men̲ Urdū k̲h̲idmāt /
Statement of responsibility, etc. Mīr Aḥmaduddīn ʻAlī K̲h̲ān̲. :مىر احمدالدىن على خان.,
260 ## - PUBLICATION, DISTRIBUTION, ETC. (IMPRINT)
Place of publication, distribution, etc. Ḥaidarābād :
Name of publisher, distributor, etc. Adabistān-i Dakin :
-- Milne ke pate, Urdū Akaiḍaimī,
Date of publication, distribution, etc. 1979.
300 ## - PHYSICAL DESCRIPTION
Pagination 4, 152 p., [2] p. of plates :
Illustrations ports. ;
Size 22 cm.
500 ## - GENERAL NOTE
General note In Urdu.
504 ## - BIBLIOGRAPHY, ETC. NOTE
Bibliography, etc Bibliography: p. 148-150.
650 #0 - SUBJECT ADDED ENTRY--TOPICAL TERM
Topical term or geographic name as entry element Urdu literature
Geographic subdivision India
-- Hyderabad (State)
General subdivision History and criticism.
9 (RLIN) 15456
942 ## - ADDED ENTRY ELEMENTS (KOHA)
Source of classification or shelving scheme Dewey Decimal Classification
Koha item type Books
Holdings
Lost status Source of classification or shelving scheme Damaged status Not for loan Collection code Permanent Location Current Location Shelving location Date acquired Source of acquisition Cost, normal purchase price Total Checkouts Full call number Date last seen Copy number Koha item type
  Dewey Decimal Classification   Not For Loan Non-fiction Central Library, University of Rajshahi Central Library, University of Rajshahi Reading Room 22/12/1983 Asiatic book agency ,Calcatta 15.00   U 891.439054 KHA 1979 13/05/2025 C-1 Books